| 000 | 00462nam a2200157Ia 4500 | ||
|---|---|---|---|
| 008 | 240729s9999 xx 000 0 und d | ||
| 022 | _a2697-1518 | ||
| 245 | 0 | _aUOU Journal | |
| 260 | _aSpain | ||
| 260 | _bUniversidad de Alicante. Departamento de Expresión Gráfica, Composición y Proyectos | ||
| 650 | _a Architecture | ||
| 650 | _aFine Arts | ||
| 856 | _uhttps://doaj.org/toc/7b82261950e64294837452a0be2e09c7 | ||
| 942 | _2ddc | ||
| 942 | _cDOAJEJ | ||
| 999 |
_c72859 _d72859 |
||
| 945 |
_a1 _bMadushi Gamage _c1 _dMadushi Gamage |
||